|
|
|
|
| LEADER |
00638nab a2200181 i 4500 |
| 001 |
acta27560 |
| 005 |
20210223124723.0 |
| 008 |
161017s1989 hu o 0|| hun d |
| 022 |
|
|
|a 1219-0039
|
| 040 |
|
|
|a SZTE Egyetemi Kiadványok Repozitórium
|b hun
|
| 041 |
|
|
|a hun
|
| 100 |
2 |
|
|a Jagusztinné Újvári Klára
|
| 245 |
1 |
0 |
|a Egy írástechnikai felmérés tanulságai
|h [elektronikus dokumentum] /
|c Jagusztinné Újvári Klára
|
| 260 |
|
|
|c 1989
|
| 300 |
|
|
|a 70-79
|
| 490 |
0 |
|
|a Módszertani közlemények
|v 29 No. 2
|
| 695 |
|
|
|a Neveléstudomány
|
| 856 |
4 |
0 |
|u http://acta.bibl.u-szeged.hu/27560/1/modszertani_029_002_070-079.pdf
|z Dokumentum-elérés
|